Welcome to UE Central Library

Keep Smiling

A history of the English-speaking people : The new world (Record no. 26124)

MARC details
000 -LEADER
fixed length control field 00637nam a22001937a 4500
005 - DATE AND TIME OF LATEST TRANSACTION
control field 20260422093324.0
008 - FIXED-LENGTH DATA ELEMENTS--GENERAL INFORMATION
fixed length control field 260422b |||||||| |||| 00| 0 eng d
020 ## - INTERNATIONAL STANDARD BOOK NUMBER
International Standard Book Number (hbk)
040 ## - CATALOGING SOURCE
Transcribing agency UE-CL
082 ## - DEWEY DECIMAL CLASSIFICATION NUMBER
Classification number 942
Item number C4754
100 ## - MAIN ENTRY--PERSONAL NAME
Personal name Churchil, Winston S.
245 ## - TITLE STATEMENT
Title A history of the English-speaking people : The new world
Statement of responsibility, etc / Winston S. Churchill
260 ## - PUBLICATION, DISTRIBUTION, ETC. (IMPRINT)
Place of publication, distribution, etc New York :
Name of publisher, distributor, etc Dodd, Mead & Company;
Date of publication, distribution, etc 1956
300 ## - PHYSICAL DESCRIPTION
Extent xi, 433 p.
546 ## - LANGUAGE NOTE
Language note English
650 ## - SUBJECT ADDED ENTRY--TOPICAL TERM
Topical term or geographic name as entry element History--English--Speaking--People--New World
942 ## - ADDED ENTRY ELEMENTS (KOHA)
Koha item type Books
505 ## - FORMATTED CONTENTS NOTE
Formatted contents note Renaissance and reformation<br/>The civil War<br/>The Restoration<br/>Maps and Genealogical Tables
Holdings
Withdrawn status Damaged status Not for loan Home library Current library Date acquired Full call number Barcode Date last seen Price effective from Koha item type
      UE-Central Library UE-Central Library 22.04.2026 942 C4754 T6108D 22.04.2026 22.04.2026 Books
Copyright © 2023, University of Education, Lahore. All Rights Reserved.
Email:centrallibrary@ue.edu.pk